[Event "Frankfurt Ch A 2016"]
[Site "Ffm-Höchst, BiKuZ"]
[Date "2016.05.23"]
[Round "4.31"]
[White "Stricker, Konstantin"]
[Black "Göbel, Andreas"]
[Result "1/2-1/2"]
[WhiteElo "1690"]
[BlackElo "1864"]
[PlyCount "53"]
[EventDate "2016.??.??"]
[WhiteTeam "SC Eschbach"]
[BlackTeam "SC Brett vorm Kopp"]

1. e4 c6 2. d4 d5 3. Nc3 dxe4 4. Nxe4 Bf5 5. Ng3 Bg6 6. Nf3 Nd7 7. Bd3 Bxd3 8.
Qxd3 e6 9. O-O Ngf6 10. c3 Bd6 11. Ne4 Nxe4 12. Qxe4 Nf6 13. Qe2 Qc7 14. h3 h6
15. Re1 O-O-O 16. b4 g5 17. Ne5 Bxe5 18. Qxe5 Qxe5 19. Rxe5 Nd5 20. Bd2 Nb6 21.
Re2 Rd5 22. Rae1 Nc4 23. Bc1 a6 24. f4 Rg8 25. fxg5 hxg5 26. Re4 Rf5 27. Rf1
1/2-1/2

[Event "Frankfurt Ch A 2016"]
[Site "Ffm-Höchst, BiKuZ"]
[Date "2016.05.23"]
[Round "4.32"]
[White "Laufenburg, Frank"]
[Black "Cors, Heinz-Friedrich"]
[Result "0-1"]
[WhiteElo "1622"]
[BlackElo "1857"]
[PlyCount "74"]
[EventDate "2016.??.??"]
[WhiteTeam "SC Bergen-Enkheim"]
[BlackTeam "Schachforum Darmstadt"]

1. Nf3 d5 2. b3 c5 3. Bb2 f6 4. e3 e5 5. d3 Ne7 6. Be2 Nec6 7. Nbd2 Be7 8. O-O
O-O 9. e4 d4 10. a4 Bd6 11. Nc4 Bc7 12. Bc1 Be6 13. Nfd2 Nd7 14. Ba3 b6 15. Bg4
Qe7 16. Bxe6+ Qxe6 17. Nf3 a6 18. Ncd2 Rfe8 19. Qe2 b5 20. Rfb1 Ba5 21. Bb2 Bc3
22. Qd1 Nb6 23. axb5 axb5 24. Bxc3 dxc3 25. Nf1 Rxa1 26. Rxa1 c4 27. bxc4 bxc4
28. Ra3 Nd4 29. Ne1 Qd6 30. Ra1 cxd3 31. Nxd3 Nc4 32. Ne3 Nb2 33. Nxb2 cxb2 34.
Rb1 Qa3 35. c4 Qa2 36. Kf1 Ra8 37. Qd3 Qxb1+ 0-1

[Event "Frankfurt Ch A 2016"]
[Site "Ffm-Höchst, BiKuZ"]
[Date "2016.05.23"]
[Round "4.34"]
[White "Thede, Stefan"]
[Black "Zimmer, Gerald"]
[Result "1/2-1/2"]
[WhiteElo "1645"]
[BlackElo "1854"]
[PlyCount "110"]
[EventDate "2016.??.??"]
[WhiteTeam "SV Frankfurt Nord"]
[BlackTeam "SC Bergen-Enkheim"]

1. Nf3 d5 2. d3 c5 3. g3 Nc6 4. Bg2 e5 5. O-O f6 6. Nbd2 Be6 7. e4 Bd6 8. Nh4
Bc7 9. exd5 Bxd5 10. Ne4 Qe7 11. Bh3 g6 12. Be3 b6 13. c3 f5 14. Bg5 Qf7 15.
Qa4 h6 16. c4 hxg5 17. Nxg5 Qf6 18. cxd5 Nge7 19. f4 Nxd5 20. fxe5 Bxe5 21.
Rae1 O-O-O 22. Nhf3 Bd4+ 23. Kh1 Be3 24. Bg2 Kb7 25. Rxe3 Nxe3 26. Nf7 Nxg2 27.
Nxd8+ Rxd8 28. Kxg2 Rxd3 29. Rf2 Qd6 30. Qc4 Qd5 31. Qxd5 Rxd5 32. Nh4 Rd6 33.
g4 fxg4 34. Kg3 Ne5 35. Re2 Nd3 36. Kxg4 Kc6 37. Ng2 a5 38. h4 Nc1 39. Rf2 Nxa2
40. Kg5 Nb4 41. Rf6 Nd3 42. Rxd6+ Kxd6 43. Kxg6 Nxb2 44. Ne3 a4 45. h5 Nd3 46.
h6 Ke6 47. Nc4 Nf4+ 48. Kg5 Nh3+ 49. Kg6 Nf4+ 50. Kg5 Kf7 51. Nd6+ Kg8 52. Nb5
Ne6+ 53. Kg6 Nf8+ 54. Kf5 Kf7 55. Ke5 Ke7 1/2-1/2

[Event "Frankfurt Ch A 2016"]
[Site "Ffm-Höchst, BiKuZ"]
[Date "2016.05.23"]
[Round "4.35"]
[White "Beinrucker, Markus"]
[Black "Höche, Alexander"]
[Result "1-0"]
[WhiteElo "1824"]
[BlackElo "1276"]
[PlyCount "87"]
[EventDate "2016.??.??"]
[WhiteTeam "SK Niederbrechen"]
[BlackTeam "vereinslos"]

1. d4 Nf6 2. Bf4 g6 3. e3 Bg7 4. Nf3 O-O 5. Be2 c5 6. c3 cxd4 7. exd4 d6 8. O-O
Nc6 9. Nbd2 Bf5 10. h3 a6 11. Re1 b5 12. a3 Ne4 13. Nxe4 Bxe4 14. Nd2 Bd5 15.
Bf3 Bxf3 16. Qxf3 Rc8 17. Rad1 Re8 18. Ne4 Qd7 19. h4 h5 20. Bg3 a5 21. Ng5 Rf8
22. Re2 b4 23. axb4 axb4 24. Rde1 bxc3 25. bxc3 Bxd4 26. cxd4 Nxd4 27. Qd3
Nxe2+ 28. Rxe2 Qa7 29. Kh2 Qb7 30. Qe3 Rfe8 31. Ne4 Qb4 32. Bxd6 exd6 33. Nf6+
Kg7 34. Nxe8+ Kh7 35. Nf6+ Kg7 36. Qg5 Rc5 37. Nxh5+ Kh7 38. Nf6+ Kg7 39. Ne8+
Kh7 40. Qf6 Qc3 41. Qxf7+ Kh6 42. Qf4+ Kh7 43. Re7+ Kh8 44. Qf8# 1-0

[Event "Frankfurt Ch A 2016"]
[Site "Ffm-Höchst, BiKuZ"]
[Date "2016.05.23"]
[Round "4.37"]
[White "Schellen, Sven"]
[Black "Varma, Christopher"]
[Result "0-1"]
[WhiteElo "1763"]
[BlackElo "1655"]
[PlyCount "62"]
[EventDate "2016.??.??"]
[WhiteTeam "SF Frankfurt"]
[BlackTeam "SC Bad Nauheim"]

1. d4 Nf6 2. c4 g6 3. Nc3 Bg7 4. Nf3 O-O 5. Bf4 d6 6. e3 Nbd7 7. Be2 b6 8. O-O
Bb7 9. Rc1 Ne4 10. Qd3 Nxc3 11. bxc3 e5 12. dxe5 dxe5 13. Rfd1 Bc6 14. Bg5 f6
15. c5 b5 16. a4 e4 17. Qb1 exf3 18. Bxb5 Bxb5 19. Qxb5 fxg5 20. Rxd7 Qf6 21.
g4 Qe6 22. h3 Rab8 23. Qd3 h5 24. Kh1 Rb2 25. e4 Rxf2 26. Rxg7+ Kxg7 27. Qd4+
Kg8 28. Qxf2 hxg4 29. hxg4 Rf7 30. Qg3 Qxe4 31. Re1 f2+ 0-1

[Event "Frankfurt Ch A 2016"]
[Site "Ffm-Höchst, BiKuZ"]
[Date "2016.05.23"]
[Round "4.38"]
[White "Medvedovski, Michael"]
[Black "Fischer, Lutz"]
[Result "1-0"]
[WhiteElo "1995"]
[BlackElo "1640"]
[PlyCount "125"]
[EventDate "2016.??.??"]
[WhiteTeam "Frankfurter TV"]
[BlackTeam "SF Frankfurt"]

1. e4 c5 2. Nf3 e6 3. Nc3 Nc6 4. d4 cxd4 5. Nxd4 a6 6. Be2 Qc7 7. Be3 Nf6 8. a3
Be7 9. O-O O-O 10. f4 d6 11. Qe1 b5 12. Qg3 Bb7 13. Kh1 Rad8 14. Rad1 Nxd4 15.
Bxd4 Ne8 16. Bd3 f6 17. Qe3 Qd7 18. Be2 Rf7 19. Bg4 Bc8 20. Bb6 Nc7 21. Nd5
Nxd5 22. exd5 f5 23. Bxd8 Bxd8 24. Bf3 Re7 25. dxe6 Qe8 26. Rxd6 Bc7 27. Rdd1
Bxe6 28. Rfe1 Kf8 29. Qd4 Qb8 30. g3 Bb6 31. Qb4 Kf7 32. Kg2 Qc7 33. Qd2 Rd7
34. Qe2 Re7 35. c3 Bc5 36. Qe5 Qa7 37. Bd5 Bxd5+ 38. Qxd5+ Kf6 39. Qc6+ Kf7 40.
Qd5+ Kf6 41. Rxe7 Qxe7 42. Qc6+ Qe6 43. Qxc5 Qe2+ 44. Qf2 Qxd1 45. Qd4+ Qxd4
46. cxd4 Ke6 47. Kf3 Kd5 48. Ke3 Kd6 49. Kd3 Kd5 50. Kc3 a5 51. b3 h6 52. a4
b4+ 53. Kd3 g6 54. h3 g5 55. fxg5 hxg5 56. h4 f4 57. hxg5 fxg3 58. Ke3 g2 59.
Kf2 Ke6 60. Kxg2 Kf5 61. Kf3 Kxg5 62. Ke4 Kf6 63. Kd5 1-0

[Event "Frankfurt Ch A 2016"]
[Site "Ffm-Höchst, BiKuZ"]
[Date "2016.05.23"]
[Round "4.39"]
[White "Bratmann, Marc"]
[Black "Schmitt, Roland"]
[Result "1/2-1/2"]
[WhiteElo "1601"]
[BlackElo "1881"]
[PlyCount "126"]
[EventDate "2016.??.??"]
[WhiteTeam "TuS Dotzheim"]
[BlackTeam "SK Großsachsen"]

1. e4 g6 2. d4 Bg7 3. Nf3 d6 4. Be2 c5 5. c3 cxd4 6. cxd4 Nc6 7. O-O Qb6 8. Nc3
e6 9. Na4 Qd8 10. Nc3 Nf6 11. h3 h6 12. Be3 O-O 13. Qd2 Kh7 14. a3 b6 15. b4
Bb7 16. Rac1 Qc7 17. Bd3 Rfc8 18. Rc2 Ne7 19. Rfc1 a6 20. Qe2 b5 21. Nd2 Nc6
22. Nb3 Qd8 23. Qf3 Kg8 24. Ne2 Rab8 25. Qg3 Ba8 26. f3 e5 27. d5 Ne7 28. Qe1
Nd7 29. Qd2 Kh7 30. Ba7 Rxc2 31. Rxc2 Rc8 32. Be3 f5 33. Na5 f4 34. Bf2 Rxc2
35. Qxc2 Qc8 36. Qxc8 Nxc8 37. Nc3 Bf6 38. a4 Ncb6 39. axb5 axb5 40. Nxb5 Bxd5
41. Bxb6 Nxb6 42. exd5 Nxd5 43. Nc6 Bg7 44. Nxd6 Bf8 45. Ne4 Nxb4 46. Nxb4 Bxb4
47. Kf2 Kg7 48. g3 fxg3+ 49. Kxg3 Be1+ 50. Kg2 h5 51. Kf1 Bh4 52. Ke2 Be7 53.
Ke3 Kh6 54. Be2 Bd8 55. Kd3 g5 56. Kc4 Kg6 57. Kd5 Kf5 58. Ng3+ Kg6 59. Ke6 g4
60. hxg4 hxg4 61. fxg4 Kg5 62. Nh5 Bc7 63. Kd5 Bb8 1/2-1/2

[Event "Frankfurt Ch A 2016"]
[Site "Ffm-Höchst, BiKuZ"]
[Date "2016.05.23"]
[Round "4.40"]
[White "Koellner, Ulrich"]
[Black "Wagner, Günter"]
[Result "0-1"]
[WhiteElo "1785"]
[BlackElo "1592"]
[PlyCount "44"]
[EventDate "2016.??.??"]
[WhiteTeam "SV Hofheim"]
[BlackTeam "SV Groß-Gerau"]

1. d4 Nf6 2. c4 g6 3. Nc3 d5 4. cxd5 Nxd5 5. e4 Nxc3 6. bxc3 Bg7 7. Nf3 c5 8.
Rb1 O-O 9. Be2 Nc6 10. d5 Bxc3+ 11. Bd2 Bxd2+ 12. Qxd2 Na5 13. h4 h5 14. Qh6 f6
15. Qxg6+ Kh8 16. Nh2 Bd7 17. Bxh5 Be8 18. Qh6+ Kg8 19. Bg4 Nc4 20. Be6+ Bf7
21. Qg6+ Kh8 22. Bf5 Bxg6 0-1

[Event "Frankfurt Ch A 2016"]
[Site "Ffm-Höchst, BiKuZ"]
[Date "2016.05.23"]
[Round "4.41"]
[White "Löhr, Holger"]
[Black "Neubauer, Robert"]
[Result "0-1"]
[WhiteElo "1556"]
[BlackElo "1773"]
[PlyCount "76"]
[EventDate "2016.??.??"]
[WhiteTeam "SF Braunfels"]
[BlackTeam "SK Bad Homburg"]

1. e4 e5 2. Nf3 Nf6 3. Nxe5 d6 4. Nf3 Nxe4 5. d4 d5 6. Bd3 Nc6 7. O-O Be7 8.
Re1 O-O 9. Bxe4 dxe4 10. Rxe4 Bf5 11. Re1 Bg4 12. c3 Qd5 13. Nbd2 Bg5 14. Qb3
Qxb3 15. axb3 Rae8 16. Rxe8 Rxe8 17. Nxg5 Re1+ 18. Nf1 Be2 19. h3 Rxf1+ 20. Kh2
h6 21. Ne4 a6 22. Ng3 Re1 23. f3 Bd3 24. b4 Bc2 25. b3 Bxb3 26. Bb2 Re3 27. Ne4
Re2 28. Bc1 Rc2 29. Bf4 f5 30. Nc5 Rxc3 31. Nxb7 Rc2 32. Nc5 Bd5 33. Rc1 Ra2
34. Kg3 Nxd4 35. Rd1 Ne2+ 36. Kh2 Nxf4 37. Kg3 g5 38. h4 Rxg2# 0-1

[Event "Frankfurt Ch A 2016"]
[Site "Ffm-Höchst, BiKuZ"]
[Date "2016.05.23"]
[Round "4.43"]
[White "Münstermann, Matthias"]
[Black "Fröhlich-Dill, Astrid"]
[Result "0-1"]
[WhiteElo "1529"]
[BlackElo "1712"]
[PlyCount "60"]
[EventDate "2016.??.??"]
[WhiteTeam "SK Langen"]
[BlackTeam "SV Hofheim"]

1. e4 c5 2. Nf3 Nc6 3. d4 cxd4 4. Nxd4 e6 5. Nc3 Nf6 6. Be2 Bb4 7. Nxc6 bxc6 8.
Bd3 Bb7 9. Bd2 Qc7 10. O-O O-O 11. Qe2 e5 12. f4 Bc5+ 13. Be3 Qb6 14. Bxc5
Qxc5+ 15. Kh1 Rfe8 16. Rad1 d5 17. exd5 exf4 18. Qf2 Qxf2 19. Rxf2 g5 20. dxc6
Bxc6 21. Bc4 Ng4 22. Re2 Rxe2 23. Bxe2 Nf2+ 24. Kg1 Nxd1 25. Bxd1 Rd8 26. g3 f3
27. b4 g4 28. b5 Bb7 29. Kf1 Rd2 30. Kg1 Rg2+ 0-1

[Event "Frankfurt Ch A 2016"]
[Site "Ffm-Höchst, BiKuZ"]
[Date "2016.05.23"]
[Round "4.44"]
[White "Rauscher, Joachim"]
[Black "Staeger, Tim"]
[Result "1-0"]
[WhiteElo "1697"]
[BlackElo "1621"]
[PlyCount "76"]
[EventDate "2016.??.??"]
[WhiteTeam "SC Brett vorm Kopp"]
[BlackTeam "SF Frankfurt"]

1. e4 c5 2. Nf3 d6 3. d4 cxd4 4. Nxd4 Nf6 5. Nc3 a6 6. Be3 g6 7. f3 Bg7 8. Bc4
O-O 9. Qd2 Qc7 10. Bb3 Nc6 11. O-O-O Bd7 12. g4 Nxd4 13. Bxd4 Bc6 14. h4 h5 15.
gxh5 Nxh5 16. Bxg7 Kxg7 17. Rhg1 e6 18. Qg5 Rh8 19. Kb1 Qd8 20. Qe3 Qxh4 21.
Rxd6 Qf4 22. Qd3 Nf6 23. Ne2 Qh2 24. Rd1 Rh3 25. Nc3 Qg2 26. Rf1 Rah8 27. a3
Bxe4 28. Nxe4 Nxe4 29. Qd4+ Nf6 30. Rd1 Qxf3 31. Ka2 Rh1 32. Rd2 Qf1 33. Bc4
Qb1+ 34. Kb3 R8h3+ 35. Bd3 Qe1 36. Rf2 e5 37. Qb6 Ne4 38. Rxf7+ Kh6 1-0

[Event "Frankfurt Ch A 2016"]
[Site "Ffm-Höchst, BiKuZ"]
[Date "2016.05.23"]
[Round "4.45"]
[White "Kletzerman, Simon"]
[Black "Zerhusen, Martin"]
[Result "0-1"]
[WhiteElo "1509"]
[BlackElo "1684"]
[PlyCount "120"]
[EventDate "2016.??.??"]
[WhiteTeam "TuS Makkabi"]
[BlackTeam "SV Oberursel"]

1. e4 c5 2. Nf3 Nc6 3. c3 d5 4. exd5 Qxd5 5. Be2 e5 6. Na3 h6 7. Nb5 Qd8 8. d3
a6 9. Na3 Be6 10. O-O Nf6 11. Qc2 Be7 12. b3 Rc8 13. Bb2 O-O 14. Rad1 b5 15.
Qb1 Qa5 16. Nc2 Bf5 17. Nh4 Bh7 18. Ne3 Rfd8 19. Qa1 Qb6 20. Nhf5 Rc7 21. d4
exd4 22. cxd4 cxd4 23. Nxd4 Rcd7 24. Nxc6 Qxc6 25. Rc1 Qb6 26. Ng4 Rd2 27. Bf3
Nxg4 28. Bxg4 f6 29. Bc3 R2d3 30. Be2 R3d7 31. b4 Bg6 32. a3 Bd3 33. Rfe1 Bxe2
34. Rxe2 Qd6 35. Qa2+ Kf8 36. Rce1 Re8 37. Bd2 Qd5 38. Qc2 Qd3 39. Be3 Qxc2 40.
Rxc2 Rd3 41. Rce2 Rdd8 42. Bb6 Rc8 43. g3 Bd6 44. f4 Rxe2 45. Rxe2 Kf7 46. Kf2
Rc3 47. Re3 Rc2+ 48. Re2 Rxe2+ 49. Kxe2 Ke6 50. Kf3 f5 51. h4 h5 52. Ke3 Kd5
53. Kd3 Be7 54. Bd4 Bf6 55. Bxf6 gxf6 56. Kc3 Ke4 57. Kb3 Kf3 58. Kc3 Kxg3 59.
Kd4 Kxf4 60. Kc5 Kg4 0-1

[Event "Frankfurt Ch A 2016"]
[Site "Ffm-Höchst, BiKuZ"]
[Date "2016.05.23"]
[Round "4.46"]
[White "Weiland, Thomas"]
[Black "Bergner, Matthias"]
[Result "1/2-1/2"]
[WhiteElo "1673"]
[BlackElo "1571"]
[PlyCount "102"]
[EventDate "2016.??.??"]
[WhiteTeam "SV Oberursel"]
[BlackTeam "SV Neu-Isenburg"]

1. e4 e6 2. d4 d5 3. Nc3 dxe4 4. Nxe4 Be7 5. Nf3 Nf6 6. Bd3 Nc6 7. c3 b6 8. O-O
O-O 9. Re1 g6 10. Bh6 Re8 11. Nxf6+ Bxf6 12. Be4 Bb7 13. Qa4 Na5 14. Bxb7 Nxb7
15. Rad1 Nd6 16. Ne5 b5 17. Qc2 Nf5 18. Bc1 Qd5 19. b3 Rad8 20. Ng4 Bg7 21. Ne3
Nxe3 22. Bxe3 c6 23. Qc1 Qf5 24. Bh6 Bxh6 25. Qxh6 Qf6 26. Qe3 Rd5 27. c4 bxc4
28. bxc4 Ra5 29. Qd2 Qd8 30. Rb1 Qc7 31. Rb3 Rh5 32. g3 Rd8 33. Qc3 c5 34. Rd1
cxd4 35. Rxd4 Rxd4 36. Qxd4 Rc5 37. Rb4 e5 38. Qe4 Kg7 39. h4 Qa5 40. Qb1 Qc7
41. Qb3 a5 42. Ra4 Qd6 43. Qc2 Qd4 44. Qb3 Qa1+ 45. Kg2 Qd4 46. Qc2 h6 47. Qb3
Qe4+ 48. Qf3 Qd4 49. Qb3 h5 50. Qc2 Kg8 51. Qb3 Kg7 1/2-1/2

[Event "Frankfurt Ch A 2016"]
[Site "Ffm-Höchst, BiKuZ"]
[Date "2016.05.23"]
[Round "4.47"]
[White "Merten, Rainer"]
[Black "Lanz, Jürgen"]
[Result "1-0"]
[WhiteElo "1663"]
[BlackElo "1554"]
[PlyCount "21"]
[EventDate "2016.??.??"]
[WhiteTeam "SV Frankfurt Nord"]
[BlackTeam "SC Hattersheim"]

1. d4 d5 2. Nf3 c6 3. Bf4 Bf5 4. e3 Nf6 5. Bd3 Bg6 6. O-O e6 7. c4 Bxd3 8. Qxd3
dxc4 9. Qxc4 Qd5 10. Qc2 Bd6 11. Nc3 1-0

[Event "Frankfurt Ch A 2016"]
[Site "Ffm-Höchst, BiKuZ"]
[Date "2016.05.23"]
[Round "4.48"]
[White "Klikic, Drazen"]
[Black "Heun, Andreas"]
[Result "0-1"]
[WhiteElo "1363"]
[BlackElo "1662"]
[PlyCount "32"]
[EventDate "2016.??.??"]
[WhiteTeam "SC Nied"]
[BlackTeam "SC Ladja Roßdorf"]

1. e4 d5 2. exd5 Qxd5 3. Nc3 Qa5 4. Bc4 Nf6 5. d3 c6 6. Bd2 Qc7 7. a4 Bg4 8. f3
Bh5 9. Qe2 e6 10. O-O-O Nbd7 11. g4 Bg6 12. f4 O-O-O 13. Nf3 Bd6 14. Qe3 Nxg4
15. Qe1 Ngf6 16. Qg3 Nh5 0-1

[Event "Frankfurt Ch A 2016"]
[Site "Ffm-Höchst, BiKuZ"]
[Date "2016.05.23"]
[Round "4.49"]
[White "Ackermann, Robert"]
[Black "Gude, Michael"]
[Result "1-0"]
[WhiteElo "1658"]
[BlackElo "1532"]
[PlyCount "123"]
[EventDate "2016.??.??"]
[WhiteTeam "SC Bad Soden"]
[BlackTeam "SF Fürth"]

1. d4 e6 2. c4 f5 3. Bf4 Nf6 4. Nf3 Bb4+ 5. Nc3 O-O 6. e3 b6 7. Be2 Ne4 8. Rc1
Bb7 9. h3 d6 10. O-O Bxc3 11. bxc3 g5 12. Bh2 Nd7 13. Nd2 Ndf6 14. f3 Nxd2 15.
Qxd2 Qe8 16. c5 bxc5 17. dxc5 dxc5 18. Bxc7 Rf7 19. Be5 Rd8 20. Qe1 Nd7 21. Bd6
Bd5 22. c4 Bc6 23. Qa5 Rc8 24. Rb1 e5 25. Qd2 Qe6 26. f4 gxf4 27. exf4 Rf6 28.
fxe5 Nxe5 29. Bxc5 Rg6 30. Rf2 Be4 31. Rb5 Qc6 32. Qc3 Nd7 33. Bd4 Bxg2 34. Kh2
Qc7+ 35. Be5 Nxe5 36. Qxe5 Qxe5+ 37. Rxe5 Be4 38. c5 Rg7 39. Bc4+ Kf8 40. Be6
Rd8 41. Bxf5 Bxf5 42. Rexf5+ Kg8 43. Rc2 Rc7 44. Kg3 Rc6 45. Kg4 Rd4+ 46. Rf4
Rd5 47. Rf5 Rd4+ 48. Kg3 Rd3+ 49. Kh2 Rd7 50. h4 h6 51. h5 Rg7 52. Kh3 Kh7 53.
Kh4 Kg8 54. a4 Kh7 55. Rc4 Kg8 56. Rg4 Re6 57. Rxg7+ Kxg7 58. Kg4 Re4+ 59. Rf4
Re6 60. Rc4 Rc6 61. Kf5 a6 62. Ke5 1-0

[Event "Frankfurt Ch A 2016"]
[Site "Ffm-Höchst, BiKuZ"]
[Date "2016.05.23"]
[Round "4.50"]
[White "Götting, Ulrich"]
[Black "Lopez, Victor"]
[Result "1-0"]
[WhiteElo "1652"]
[BlackElo "1455"]
[PlyCount "67"]
[EventDate "2016.??.??"]
[WhiteTeam "SC Bad Soden"]
[BlackTeam "SC Höchst"]

1. Nf3 d5 2. d4 c6 3. c4 Nf6 4. Nc3 Nbd7 5. e3 e6 6. Bd3 Be7 7. O-O dxc4 8.
Bxc4 Nb6 9. Bd3 Nbd5 10. e4 Nxc3 11. bxc3 O-O 12. Qc2 Nd7 13. e5 g6 14. Bh6 Re8
15. Qd2 Bf8 16. Bxf8 Rxf8 17. Bc4 Kg7 18. Ng5 Nb6 19. Bb3 h6 20. Ne4 Bd7 21. c4
Be8 22. Rfe1 Qc7 23. Qc3 Qe7 24. Nf6 Nd7 25. Nxd7 Bxd7 26. d5 exd5 27. cxd5
cxd5 28. e6+ Kg8 29. exd7 Qxd7 30. Qd4 b6 31. Re5 Rad8 32. Rxd5 Qe7 33. Rd1
Rfe8 34. Rxd8 1-0

[Event "Frankfurt Ch A 2016"]
[Site "Ffm-Höchst, BiKuZ"]
[Date "2016.05.23"]
[Round "4.53"]
[White "Winter, Olaf"]
[Black "Rätsch, Kurt"]
[Result "1-0"]
[WhiteElo "1587"]
[BlackElo "1790"]
[PlyCount "81"]
[EventDate "2016.??.??"]
[WhiteTeam "SK Bad Homburg"]
[BlackTeam "SF Schöneck"]

1. c4 e6 2. e3 b6 3. a3 Bb7 4. Nf3 g6 5. Be2 Bg7 6. d4 Ne7 7. Nc3 O-O 8. O-O d6
9. Qc2 Nd7 10. b4 Nf5 11. Bb2 Nh4 12. d5 Ne5 13. Nxe5 Bxe5 14. f4 Bg7 15. e4 g5
16. f5 exf5 17. g3 Be5 18. exf5 g4 19. gxh4 Qxh4 20. Bd3 f6 21. Ne4 Bxb2 22.
Qxb2 Rae8 23. Qf2 Qh6 24. Qg3 Kh8 25. Rae1 Bc8 26. c5 bxc5 27. bxc5 dxc5 28.
Nxc5 Qd2 29. Ne6 Rg8 30. Qe3 Qb2 31. Qd4 Qb6 32. Qxb6 cxb6 33. Bb5 Re7 34. d6
Rf7 35. Nc7 Rgf8 36. Re8 Rxe8 37. Nxe8 g3 38. Nxf6 gxh2+ 39. Kxh2 Rf8 40. d7
Rg8 41. Ne8 1-0

[Event "Frankfurt Ch A 2016"]
[Site "Ffm-Höchst, BiKuZ"]
[Date "2016.05.23"]
[Round "4.54"]
[White "Dohmes, Swidbert"]
[Black "Popp, Matthias"]
[Result "1-0"]
[WhiteElo "1662"]
[BlackElo "1534"]
[PlyCount "97"]
[EventDate "2016.??.??"]
[WhiteTeam "SV Hofheim"]
[BlackTeam "SC Bergen-Enkheim"]

1. e4 c5 2. Nf3 Nc6 3. d4 cxd4 4. Nxd4 e5 5. Nb3 Nf6 6. Bd3 d6 7. O-O Bg4 8.
Be2 Be6 9. Nc3 d5 10. exd5 Nxd5 11. Nxd5 Qxd5 12. c4 Qe4 13. Bd3 Qh4 14. Qe2
Rd8 15. Be3 b6 16. f3 Bd6 17. Be4 Ne7 18. Bf2 Qg5 19. c5 bxc5 20. Nxc5 Bxc5 21.
Bxc5 O-O 22. Be3 Qh5 23. Bxa7 f5 24. Bd3 Rf6 25. Bc4 Qf7 26. Bxe6 Qxe6 27. Rfe1
Nc6 28. Bc5 f4 29. b4 Rf5 30. Rad1 Rxd1 31. Rxd1 h6 32. Rd6 Qc8 33. a4 Nd8 34.
Qc4+ Kh7 35. Qa6 Qxa6 36. Rxa6 Nb7 37. Rc6 Kg8 38. Rc8+ Kh7 39. Rc7 Nd8 40. Rd7
Ne6 41. a5 Nxc5 42. bxc5 e4 43. fxe4 Rxc5 44. a6 Rc8 45. a7 Ra8 46. e5 Kg6 47.
e6 h5 48. e7 Kf7 49. Rd8 1-0

[Event "Frankfurt Ch A 2016"]
[Site "Ffm-Höchst, BiKuZ"]
[Date "2016.05.23"]
[Round "4.55"]
[White "Koch, Thomas"]
[Black "Bernhardt, Winfried"]
[Result "1-0"]
[WhiteElo "1632"]
[BlackElo "1411"]
[PlyCount "67"]
[EventDate "2016.??.??"]
[WhiteTeam "SV Ffm-Griesheim"]
[BlackTeam "SV Nauheim"]

1. e4 e5 2. Nf3 d6 3. d4 exd4 4. Nxd4 Nf6 5. Nc3 c6 6. Bc4 Be7 7. O-O O-O 8. h3
b5 9. Bd3 a6 10. f4 c5 11. Nf3 c4 12. Be2 Bb7 13. e5 Qb6+ 14. Kh1 Nh5 15. Kh2
g6 16. Nd5 Bxd5 17. Qxd5 Nd7 18. e6 Ndf6 19. exf7+ Kg7 20. Qe6 Qc7 21. g4 Rxf7
22. gxh5 Nxh5 23. Nd4 Raf8 24. Bxh5 gxh5 25. Qd5 Rf6 26. Be3 Qd7 27. f5 Kh8 28.
Ne6 Rg8 29. Bd4 h4 30. Rg1 Qe8 31. Rxg8+ Qxg8 32. Rg1 Qf7 33. Qa8+ Bf8 34.
Qxf8+ 1-0

[Event "Frankfurt Ch A 2016"]
[Site "Ffm-Höchst, BiKuZ"]
[Date "2016.05.23"]
[Round "4.56"]
[White "Ketting, Douwe"]
[Black "John, Volkmar"]
[Result "0-1"]
[WhiteElo "1451"]
[BlackElo "1625"]
[PlyCount "84"]
[EventDate "2016.??.??"]
[WhiteTeam "SC Somborn"]
[BlackTeam "SK Herborn"]

1. b4 e5 2. Bb2 f6 3. a3 d5 4. e3 Be6 5. d4 e4 6. Nd2 Bd6 7. c4 c6 8. cxd5 cxd5
9. Rc1 f5 10. g3 Nf6 11. Bg2 O-O 12. Nb3 b6 13. f4 exf3 14. Nxf3 Nbd7 15. O-O
Qe7 16. Ne5 Bxe5 17. dxe5 Ne4 18. Qd4 Rac8 19. Nd2 Nb8 20. Nxe4 fxe4 21. Rxf8+
Qxf8 22. Qd2 Rxc1+ 23. Qxc1 Qc8 24. Qxc8+ Bxc8 25. Bf1 Bd7 26. Kg2 Kf7 27. h3
Ke6 28. b5 Be8 29. a4 Nd7 30. Bd4 Nxe5 31. a5 bxa5 32. Bxa7 Nc4 33. b6 Bc6 34.
Be2 Nxe3+ 35. Kf2 Nc4 36. Bg4+ Ke5 37. Bc8 a4 38. b7 Bxb7 39. Bxb7 a3 40. Bb8+
Kd4 41. Ba7+ Kd3 42. Bxd5 a2 0-1

[Event "Frankfurt Ch A 2016"]
[Site "Ffm-Höchst, BiKuZ"]
[Date "2016.05.23"]
[Round "4.57"]
[White "Odabasi, Siddik"]
[Black "Lehmann, Gerit"]
[Result "1/2-1/2"]
[WhiteElo "1393"]
[BlackElo "1516"]
[PlyCount "110"]
[EventDate "2016.??.??"]
[WhiteTeam "Frankfurter TV"]
[BlackTeam "SF Frankfurt"]

1. e4 d5 2. exd5 Nf6 3. d4 Nxd5 4. Nf3 Nc6 5. Be2 Bf5 6. c3 e6 7. Bg5 Be7 8.
Bxe7 Qxe7 9. O-O O-O 10. Bd3 Qf6 11. Bxf5 Qxf5 12. g3 Qg4 13. Nh4 f5 14. Qxg4
fxg4 15. Nd2 g5 16. Ng2 Rf5 17. Ne3 Nxe3 18. fxe3 Raf8 19. Rxf5 Rxf5 20. Rf1
Kf7 21. Rxf5+ exf5 22. Kf2 h5 23. Ke2 h4 24. Kd3 Ke6 25. Nf1 Ne7 26. c4 c6 27.
Nd2 Ng6 28. Nf1 f4 29. exf4 gxf4 30. gxf4 Nxf4+ 31. Ke4 Ng2 32. Ne3 Nxe3 33.
Kxe3 b5 34. b3 Kf5 35. a3 bxc4 36. bxc4 g3 37. hxg3 hxg3 38. Kf3 g2 39. Kxg2
Ke4 40. d5 cxd5 41. cxd5 Kxd5 42. a4 Kc4 43. Kf2 Kb4 44. a5 Kxa5 45. Ke2 Kb4
46. Kd2 Kb3 47. Kc1 Ka2 48. Kc2 a5 49. Kc3 a4 50. Kc2 a3 51. Kc1 Ka1 52. Kc2
Ka2 53. Kc1 Kb3 54. Kb1 a2+ 55. Ka1 Ka3 1/2-1/2

[Event "Frankfurt Ch A 2016"]
[Site "Ffm-Höchst, BiKuZ"]
[Date "2016.05.23"]
[Round "4.58"]
[White "Schindehütte, Frank"]
[Black "Grams, Thilo"]
[Result "1-0"]
[WhiteElo "1510"]
[BlackElo "1388"]
[PlyCount "55"]
[EventDate "2016.??.??"]
[WhiteTeam "VfL Goldstein"]
[BlackTeam "SC Ketsch"]

1. f4 Nf6 2. c4 g6 3. Nf3 Bg7 4. Nc3 O-O 5. e4 d6 6. Be2 c5 7. O-O Nc6 8. d3
Bg4 9. Be3 Nd7 10. Qb3 Qc7 11. Nd5 Qc8 12. h3 Bxf3 13. Bxf3 e6 14. Nc3 Ndb8 15.
e5 dxe5 16. Bxc5 Rd8 17. Ne4 Nd7 18. Be3 exf4 19. Bxf4 Nd4 20. Qd1 Nxf3+ 21.
Qxf3 Bxb2 22. Rab1 Bd4+ 23. Kh1 Qc6 24. Rxb7 e5 25. Bg5 Qe6 26. Rxd7 Rxd7 27.
Nf6+ Kg7 28. Qxa8 1-0

[Event "Frankfurt Ch A 2016"]
[Site "Ffm-Höchst, BiKuZ"]
[Date "2016.05.23"]
[Round "4.59"]
[White "Kiel, Gerhard"]
[Black "Friedel, Thomas"]
[Result "1-0"]
[WhiteElo "1466"]
[BlackElo "1388"]
[PlyCount "73"]
[EventDate "2016.??.??"]
[WhiteTeam "vereinslos"]
[BlackTeam "SV Groß-Gerau"]

1. c4 Nf6 2. Nc3 e6 3. g3 d5 4. d4 c6 5. Bg2 dxc4 6. Nf3 Nbd7 7. Bg5 Be7 8. O-O
O-O 9. Qc2 Nd5 10. Ne4 b5 11. Bxe7 Qxe7 12. Neg5 g6 13. h4 h6 14. Nh3 Bb7 15.
e4 Nb4 16. Qd2 Kg7 17. a3 Nd3 18. Ne1 Nxe1 19. Raxe1 Nf6 20. f4 Rad8 21. e5 Ng8
22. f5 exf5 23. Nf4 g5 24. Nh5+ Kg6 25. g4 f4 26. hxg5 hxg5 27. Be4+ Kh6 28.
Nxf4 f5 29. Qh2+ Kg7 30. Nh5+ Kf7 31. Bxf5 Nh6 32. Bd7+ Kg8 33. Nf6+ Kg7 34.
Qh5 Rxd7 35. Qxg5+ Kf7 36. e6+ Qxe6 37. Nxd7+ 1-0

[Event "Frankfurt Ch B 2016"]
[Site "Ffm-Höchst, BiKuZ"]
[Date "2016.05.23"]
[Round "4.1"]
[White "Hagel, Stephan"]
[Black "Brand, Achim"]
[Result "1/2-1/2"]
[WhiteElo "1388"]
[BlackElo "1335"]
[PlyCount "75"]
[EventDate "2016.??.??"]
[WhiteTeam "SK Hungen"]
[BlackTeam "SVG Echzell"]

1. e4 e5 2. Nf3 Nc6 3. Bb5 d6 4. d4 a6 5. Ba4 b5 6. Bb3 Bg4 7. d5 Nd4 8. Nbd2
Nf6 9. h3 Bxf3 10. Nxf3 Nxb3 11. axb3 Nxe4 12. O-O g6 13. Re1 f5 14. Be3 Bg7
15. Qc1 h6 16. c4 O-O 17. Bxh6 Qf6 18. Bxg7 Qxg7 19. Ng5 Nxg5 20. Qxg5 e4 21.
Re3 Kf7 22. Rg3 Rh8 23. Rc1 Rh5 24. Qxh5 gxh5 25. Rxg7+ Kxg7 26. cxb5 axb5 27.
Rxc7+ Kf6 28. Rb7 Ra5 29. Kf1 Ke5 30. b4 Ra2 31. Rxb5 Rxb2 32. Rb7 Kxd5 33. Rh7
Kd4 34. g3 Ke5 35. Rxh5 Kf6 36. Rh6+ Ke5 37. Rh5 Ke6 38. Rh6+ 1/2-1/2